00516nam a2200169 a 450000500170000000800410001702000180005805000260007610000170010224500630011926000370018230000230021944000230024250000360026565000240030165000210032520140412111239.0001116s19uu xx 00 eng d a0-553-05573-9 aTR(GS 372.4bW34 1986 aDisney, Walt aWalt Disney, v.1 :cWalt Disney.bMickey meets the giant / aToronto :bA Bantam Book,c1986. a1 v. (unp.) ; ill. aFun-To-Read Series aA Walt Disney beginning readers aWoodcutter--Fiction aChildren stories